000 00420nam a2200157Ia 4500
008 230711s9999||||xx |||||||||||||| ||und||
041 _aENG
082 _a677
_bSH-I
100 _aShah,HS
245 0 _aInstrumental colour measurements and computer aided colour matching
250 _a1st . Ed.
260 _c1990
_aNew Delhi
_bMahajan Publication
650 _aTextile Engineering
700 _aGandhi,RS
942 _cBK
999 _c3636
_d3636